Sports Quiz

Random Sports or NFL Quiz

NFL 2014 AFC South Opening Day Rosters Quiz Stats

 Plays Quiz not verified by Sporcle

Challenge
Share
Tweet
Embed
Score 0/212 Timer 10:00
0 Plays Today
Team/Position Player % Correct
Colts QBAndrew Luck
99.1%
Texans WRAndre Johnson
94.4%
Jaguars RBStorm Johnson
93.5%
Texans WRDamaris Johnson
93.5%
Colts OLBCam Johnson
93%
Colts WRT.Y. Hilton
91.6%
Texans RBArian Foster
89.8%
Colts WRReggie Wayne
87.9%
Jaguars QBChad Henne
87.9%
Jaguars QBBlake Bortles
87%
Colts RBTrent Richardson
86.5%
Texans RDEJJ Watt
86.5%
Texans LTDuane Brown
85.6%
Texans RBRonnie Brown
84.7%
Titans ILBZach Brown
84.7%
Colts FSSergio Brown
84.2%
Jaguars WRMike Brown
84.2%
Texans LCBKareem Jackson
83.3%
Titans QBJake Locker
82.8%
Colts ILBD'Qwell Jackson
82.3%
Texans QBRyan Fitzpatrick
81.9%
Colts QBMatt Hasselbeck
81.4%
Colts DTArthur Jones
80.9%
Jaguars DTAbry Jones
80.9%
Texans LGBen Jones
80.9%
Titans DEDaQuan Jones
80.9%
Colts TEDwayne Allen
79.5%
Colts TECoby Fleener
79.1%
Jaguars RBDenard Robinson
79.1%
Jaguars WRAllen Robinson
78.6%
Colts RCBVontae Davis
77.2%
Texans WRDeAndre Hopkins
77.2%
Colts RBAhmad Bradshaw
76.7%
Jaguars RDERyan Davis
76.7%
Texans RILBBrian Cushing
76.7%
Jaguars TEMarcedes Lewis
74.9%
Texans FSKendrick Lewis
74.9%
Titans WRKendall Wright
73%
Titans TEDelanie Walker
71.2%
Texans RCBJohnathan Joseph
70.2%
Jaguars WRCecil Shorts III
69.8%
Texans JLBJadeveon Clowney
69.3%
Jaguars RDEChris Smith
68.4%
Jaguars OLBTelvin Smith
68.4%
Titans QBZach Mettenberger
67.4%
Titans RBShonn Greene
67.4%
Titans RBLeon Washington
67%
Titans WRNate Washington
67%
Jaguars RBToby Gerhart
65.6%
Titans RBBishop Sankey
65.1%
Colts KAdam Vinatieri
64.2%
Titans QBCharlie Whitehurst
64.2%
Jaguars WRMarqise Lee
63.3%
Texans RBAlfred Blue
63.3%
Colts WRHakeem Nicks
62.8%
Texans QBRyan Mallett
62.8%
Texans QBTom Savage
59.5%
Jaguars KJosh Scobee
59.1%
Jaguars MLBJ.T. Thomas III
57.7%
Jaguars WRAllen Hurns
56.7%
Titans WRJustin Hunter
56.7%
Texans TERyan Griffin
55.8%
Titans FSMichael Griffin
55.3%
Colts ILBJerrell Freeman
54.4%
Colts LTAnthony Castonzo
53.5%
Texans TEGarrett Graham
53.5%
Jaguars LTLuke Joeckel
53%
Titans WRT.J. Graham
53%
Colts WRDonte Moncrief
52.6%
Titans CBJason McCourty
52.1%
Colts PPat McAfee
50.7%
Team/Position Player % Correct
Colts OLBBjoern Werner
50.2%
Texans WRKeshawn Martin
50.2%
Titans DTJurrell Casey
50.2%
Titans DTMike Martin
50.2%
Jaguars DTRoy Miller
48.8%
Jaguars RDEChris Clemons
48.8%
Jaguars MLBPaul Posluszny
48.8%
Texans SLBBrooks Reed
48.4%
Texans JLBWhitney Mercilus
47.9%
Texans CChris Myers
47.4%
Titans FSGeorge Wilson
47.4%
Colts FSLaRon Landry
46%
Jaguars DTSen'Derrick Marks
46%
Colts RCBDarius Butler
45.1%
Jaguars LDERed Bryant
45.1%
Jaguars SSJohnathan Cyprien
45.1%
Colts RBDan Herron
44.7%
Jaguars TEClay Harbor
44.7%
Titans RTMichael Oher
44.7%
Titans OLBDerrick Morgan
44.2%
Colts SSMike Adams
43.7%
Jaguars RCBAlan Ball
43.7%
Texans LTJeff Adams
43.7%
Titans NTSammie Hill
43.7%
Colts DECory Redding
43.3%
Texans SSDJ Swearinger
43.3%
Titans LTTaylor Lewan
43.3%
Titans RBDexter McCluster
42.8%
Jaguars LCBJeremy Harris
42.3%
Texans KRandy Bullock
42.3%
Titans CBBrandon Harris
42.3%
Colts LCBGreg Toler
41.9%
Titans RGChance Warmack
41.9%
Texans TECJ Fiedorowicz
41.4%
Titans LTMichael Roos
40.9%
Colts WRGriff Whalen
40%
Titans TETaylor Thompson
40%
Titans LGAndy Levitre
40%
Colts TEJack Doyle
39.5%
Colts SSColt Anderson
39.1%
Titans SSBernard Pollard
39.1%
Colts OLBErik Walden
38.6%
Colts CKhaled Holmes
38.1%
Jaguars RBJordan Todman
38.1%
Texans RGBrandon Brooks
38.1%
Colts WRDa'Rick Rogers
37.7%
Colts RTGosder Cherilus
37.7%
Jaguars LCBWill Blackmon
37.7%
Jaguars PBryan Anger
37.7%
Texans RTDerek Newton
36.7%
Titans KRyan Succop
36.7%
Jaguars LGZane Beadles
35.8%
Titans TECraig Stevens
35.8%
Jaguars LCBDwayne Gratz
35.3%
Texans WRDeVier Posey
35.3%
Texans LDEJared Crick
35.3%
Texans RBJonathan Grimes
34.9%
Jaguars LDETyson Alualu
34.4%
Titans OLBShaun Phillips
34%
Texans SSDanieal Manning
33.5%
Titans ILBWesley Woodyard
33.5%
Texans FBJay Prosch
33%
Texans PShane Lechler
33%
Titans CBBlidi Wreh-Wilson
33%
Colts LGJack Mewhort
32.1%
Texans NTLouis Nix III
31.2%
Titans CBrian Schwenke
30.7%
Titans OLBAkeem Ayers
30.7%
Jaguars RTAustin Pasztor
30.2%
Titans CBCoty Sensabaugh
30.2%
Jaguars RTSam Young
29.8%
Team/Position Player % Correct
Jaguars RDEAndre Branch
28.8%
Colts LSMatt Overton
28.4%
Jaguars OLBGeno Hayes
27.9%
Texans LGXavier Su'a-Filo
27.9%
Colts CJonotthan Harrison
27.4%
Jaguars RGBrandon Linder
27.4%
Titans OLBKamerion Wimbley
27.4%
Jaguars DTZiggy Hood
27%
Titans TEJackie Battle
27%
Colts RGHugh Thornton
26.5%
Texans RDETim Jamison
26.5%
Texans NTJerrell Powe
25.1%
Titans PBrett Kern
25.1%
Texans SSShiloh Keo
24.2%
Colts DERicky Jean Francois
23.7%
Jaguars SSJosh Evans
23.7%
Titans WRKris Durham
23.7%
Titans NTAl Woods
23.7%
Jaguars CLuke Bowanko
22.8%
Jaguars OLBDekoda Watson
22.8%
Colts RBZurlon Tipton
21.9%
Colts NTJosh Chapman
21.9%
Jaguars LSCarson Tinker
21.4%
Texans LCBAJ Bouye
21.4%
Texans RCBAndre Hal
21.4%
Titans LGChris Spencer
21.4%
Colts OLBAndy Studebaker
20.9%
Titans DERopati Pitoitua
20.9%
Colts CA.Q. Shipley
20.5%
Colts RGLance Louis
20.5%
Jaguars CJacques McClendon
20.5%
Texans LILBJustin Tuggle
20.5%
Titans WRDerek Hagan
20.5%
Titans ILBZaviar Gooden
20.5%
Colts OLBJonathan Newsome
19.5%
Texans LSJonathan Weeks
19.5%
Colts FBMario Harvey
19.1%
Jaguars FSWinston Guy Jr.
18.6%
Texans RILBMike Mohamed
18.6%
Texans LCBDarryl Morris
18.6%
Titans DTKarl Klug
18.6%
Titans ILBAvery Williamson
17.7%
Colts LTJoe Reitz
16.7%
Jaguars LTJosh Wells
16.7%
Texans RTTyson Clabo
16.7%
Texans RILBJeff Tarpinian
16.7%
Jaguars FSChris Prosinski
15.8%
Texans SSEddie Pleasant
15.8%
Colts NTMontori Hughes
15.3%
Jaguars TEMickey Shuler
15.3%
Titans CBMarqueston Huff
15.3%
Texans RCBElbert Mack
14.4%
Colts ILBHenoc Muamba
14%
Jaguars RCBDemetrius McCray
13.5%
Colts RTXavier Nixon
12.1%
Titans SSDaimion Stafford
10.2%
Jaguars RTCameron Bradfield
8.8%
Colts ILBJosh McNary
8.4%
Texans LILBAkeem Dent
8.4%
Colts LCBJosh McGordy
7.9%
Jaguars FBWill Ta'ufo'ou
7.9%
Jaguars OLBLaRoy Reynolds
7.4%
Titans RTByron Stingily
6.5%
Titans OLBQuentin Groves
6%
Colts DTZach Kerr
5.6%
Colts LCBLoucheiz Purifoy
4.2%
Texans LDEJeoffrey Pagan
4.2%
Titans LSBeau Brinkley
3.7%
Jaguars RGTyler Shatley
2.8%
Texans SLBJason Ankrah
1.4%

You're not logged in!

Compare scores with friends on all Sporcle quizzes.
OR
Log In

You Might Also Like...

Show Comments

Extras

Top Quizzes Today


Score Distribution

Your Account Isn't Verified!

In order to create a playlist on Sporcle, you need to verify the email address you used during registration. Go to your Sporcle Settings to finish the process.

Report this User

Report this user for behavior that violates our Community Guidelines.

Details: